| 000 | 01326cam a22003615a 4500 | ||
|---|---|---|---|
| 999 |
_c11638 _d11638 |
||
| 001 | 2998450 | ||
| 003 | EG-ScBUE | ||
| 005 | 20200106105649.0 | ||
| 008 | 931020s2008 enka f bd 001 0 eng d | ||
| 020 | _a0521671671 | ||
| 020 | _a9780521671675 | ||
| 040 |
_aEG-ScBUE _beng _erda _cEG-ScBUE _dEG-ScBUE |
||
| 082 | 0 | 4 |
_a808.0665 _bDAY _222 |
| 100 | 1 |
_aDay, Robert A, _d1924- _eauthor. _95291 |
|
| 245 | 1 | 0 |
_aHow to write and publish a scientific paper / _cRobert A. Day University of Delaware, USA, Barbara Gastel, Texas A&M University, USA. |
| 250 | _aSeventh edition. | ||
| 264 | 1 |
_aCambridge, UK : _bCambridge University Press, _c2008. |
|
| 300 | n |
_axv, 302 pages ; _c23 cm |
|
| 336 |
_2rdacontent _atext _btxt |
||
| 337 |
_2rdamedia _aunmediated _bn |
||
| 338 |
_2rdacarrier _avolume _bnc |
||
| 500 | _aIncludes glossary. | ||
| 500 | _aIncludes appendices. | ||
| 504 | _aIncludes bibliographical references and index. | ||
| 590 | _anadeen magdy | ||
| 650 | 7 |
_aTechnical writing. _2BUEsh _95292 |
|
| 653 |
_bHHUUEENN _cJuly2019 |
||
| 655 | _vReading book | ||
| 700 | 1 |
_aGastel, Barbara, _eauthor. _95293 |
|
| 740 | 0 | _aHow to write and publish a scientific paper. | |
| 942 |
_2ddc _cBB |
||